| 000 | 00923nas a2200301 4500 | ||
|---|---|---|---|
| 001 | BR2010004670 | ||
| 003 | BR-BrBNA | ||
| 005 | 20231205114302.0 | ||
| 007 | ta | ||
| 008 | 230509b bl.|||p| |||| 00| 00por d | ||
| 040 |
_aBR-BrBNA _bpor _cBiblioteca Nacional de Agricultura |
||
| 041 | _a(Pt) | ||
| 072 | _aL74 | ||
| 100 | 1 | _aMartini-Santos, B.J. | |
| 100 | 1 | _aPeixoto, T. da C. | |
| 100 | 1 | _aGalvão, A. | |
| 100 | 1 | _aPrado, J. da S. | |
| 100 | 1 | _aAragão, A.P. | |
| 100 | 1 | _aBenevides, M.L.C. de S. | |
| 245 | 1 | _aSurto de intoxicação aguda por Pterodium arachnoideum (Kaulf.)em bovinos | |
| 650 | _aBOVINO | ||
| 650 | _aINTOXICAÇÃO ANIMAL | ||
| 650 | _aSAMAMBAIA | ||
| 650 | _aPLANTA TÓXICA | ||
| 773 | 0 |
_tRevista Brasileira de Medicina Veterinária (Brazil) _xISSN 0100-2430 _g(Apr-Jun 2010), v. 32(2) p. 92-96 _wBR2010004670 |
|
| 909 |
_a202311 _bLúcia _c55 _dLúcia Elande |
||
| 942 |
_2AGRIS _n0 _cANA |
||
| 999 |
_c208031 _d208031 |
||